000 00656nam a22001937a 4500
005 20250919171110.0
008 250918b |||||||| |||| 00| 0 eng d
020 _a9798214039664
082 _aDC 612.8 K124 2024
100 _aKalat, James W.
_919648
245 _aBiological psychology /
_cJames W. Kalat.
250 _aFourteenth Cengage international edition.
260 _aUSA :
_bCengage,
_c©2024.
300 _axviii, 635 pages :
_billustrations (some colors) ;
_c27 cm.
500 _aIncludes appendices, references, index, and glossary.
650 0 _aNeuropsychology.
_967946
650 0 _aPsychobiology
_xtextbooks.
_967947
942 _2ddc
_cDC
999 _c23840
_d23840